01247nam a22002177a 4500003000900000008004100009040007100050082002300121245010900144260003000253300004500283440004700328505047200375650002600847650001900873650002400892650001300916700002800929700003200957700004000989AR-CdUCM190425b ||||| |||| 00| 0 spa d aMUNICIPALIDAD PROVINCIAL DEL CUSCOcBIBLIOTECA MUNICIPAL DEL CUSCO aOropesa/N°46/2003 aOropesa :brevista de cultura y educación de opinión y crítica /cAmérico Valer Vargas, Director aCusco.bPantigozo,c2003. a22 páginas. :bilustraciones ;c30 cm. aOropesa.nAño XXII, N°XLVI, julio 2003. aContenido: Gobierno Regional construye estadio moderno en la GUE Inca Garcilaso de la Vega. -- Conexión bioceánica del Mercosur. -- Proyecto estratégico regional de educación bilingüe intercultural. -- Las ferias escolares de Ciencia y tecnología. -- Las decepciones de Daniel Estrada Pérez sobre la política nacional. -- Homenaje póstumo a Gustavo Pérez Ocampo. Víctor Manuel Solorzano Arenas. -- Palabras de despedida a Daniel Estrada Pérez. aPolítica cusqueña aCultura andina aSociedad cusqueña aSiglo XX aValer Vargas, Alejandro aValenzuela Lovón, Armando aSolórzano Arenas, Víctor Manuel